000 00306nam a22001217a 4500
999 _c13995
_d13995
020 _a978-969-210-289-6
082 _a338
100 _aAziz, Sirajuddin
245 _aCorporate Pakistan: Insights to Leadership & Governance
260 _aKarachi
_bParamount Books
_c2021
300 _a438 pages
942 _cBK